000 01242nam a22001817a 4500
008 120824t xxu||||| |||| 00| 0 eng d
020 _a061831847X
050 _aPE1408.T73
100 _aTrimmer, Joseph F.
245 _aThe new writing with a purpose. /
_cJoseph F. Trimmer
250 _a14th ed.
260 _aNew York:
_bHoughton Mifflin Company,
_cc2004.
300 _axix, 597 p.:
_bill.;
_c24cm.
500 _aIncludes index.
505 _aContents: The Writing process: Toward purposeful writing -- Planning -- Drafting -- Revising -- Designing -- Writing structures: Common methods of development -- Argument -- Paragraphs: units of development -- Sentences: patterns of expression -- Diction: the choice of words -- Tone and style -- Writing research: Planning the research paper -- Writing the research paper -- Readings with a purpose: writing strategies -- Handbook of grammar and usage: The Evolution of English -- Understanding sentence elements -- Writing logical and effective sentences -- Writing grammatical sentences -- Choosing effective diction -- Observing the rules of punctuation -- Observing the rules of mechanics -- A Glossary of contemporary usage.
650 _bEnglish language
_xRhetoric.
942 _2lcc
_cBK
999 _c2166
_d9666